00337nam a2200121Ia 4500008004100000020001800041050001900059245001700078260003300095300001700128440002500145650004500170120626s2003 sp 000 0 spa d a84-342-2536-0 aNC915 A35 2003 aAerógrafo  aEspañab: Parramónc2003 a96 p.b: il. aEl rincon del pintor aAEROGRAFO (ARTES PLASTICAS) xTÉCNICA